Conservation payments (Record no. 71042)

MARC details
000 -LEADER
fixed length control field 00888cam a2200229 4500
001 - CONTROL NUMBER
control field WB3831-41
008 - FIXED-LENGTH DATA ELEMENTS--GENERAL INFORMATION
fixed length control field 020829n2002 000 0 eng u
035 ## - SYSTEM CONTROL NUMBER
System control number (Sirsi) u119484
245 ## - TITLE STATEMENT
Title Conservation payments
260 ## - PUBLICATION, DISTRIBUTION, ETC.
Date of publication, distribution, etc. 2002
490 ## - SERIES STATEMENT
Series statement Scottish Executive Press Release
Volume/sequential designation 28 August 2002, (3)
520 ## - SUMMARY, ETC.
Summary, etc. Rural Stewardship payments totalling £14.26m have been awarded to farmers and crofters in Scotland to enable conservation management of land over the next five years. Projects include the management of grassland and wetland habitats to protect wildlife. www.scotland.gov.uk/pages/news/2002/08/SEen134.aspx
590 ## - LOCAL NOTE (RLIN)
Local note WB
650 ## - SUBJECT ADDED ENTRY--TOPICAL TERM
Topical term or geographic name entry element RURAL STEWARDSHIP SCHEME
650 ## - SUBJECT ADDED ENTRY--TOPICAL TERM
Topical term or geographic name entry element SCOTLAND
650 ## - SUBJECT ADDED ENTRY--TOPICAL TERM
Topical term or geographic name entry element AGRI-ENVIRONMENT SCHEMES
650 ## - SUBJECT ADDED ENTRY--TOPICAL TERM
Topical term or geographic name entry element FARMERS
650 ## - SUBJECT ADDED ENTRY--TOPICAL TERM
Topical term or geographic name entry element CROFTERS
650 ## - SUBJECT ADDED ENTRY--TOPICAL TERM
Topical term or geographic name entry element NATURE CONSERVATION
690 ## - LOCAL SUBJECT ADDED ENTRY--TOPICAL TERM (OCLC, RLIN)
Topical term or geographic name as entry element RURAL-NATURE CONSERVATION
942 ## - ADDED ENTRY ELEMENTS (KOHA)
Suppress in OPAC 0
Holdings
Withdrawn status Lost status Source of classification or shelving scheme Damaged status Not for loan Home library Current library Shelving location Date acquired Total Checkouts Full call number Barcode Date last seen Copy number Price effective from Koha item type
    Dewey Decimal Classification     London London News article 29/08/2002   WB3831-41 119484-1001 06/08/2019 1 06/08/2019 News article